PIGARS 2012: (Registro nro. 7705)
[ vista simple ]
| 000 -Cabecera | |
|---|---|
| Campo de control interno | 00482nam a2200181Ia 4500 |
| 005 - Fecha y hora del registro | |
| control field | 20260306160515.0 |
| 008 - Elementos de Longitud Fija | |
| fixed length control field | 260306t2012||||xx |||||||||||||| ||spa|| |
| 041 ## - Idioma | |
| Codigo Idioma | ESP |
| 082 ## - DEWEY y NOTACIÓN INTERNA | |
| Dewey | 354.33 |
| Notación Interna | M95 |
| 100 ## - AUTOR | |
| Autor denominación | Municipalidad Provincial de Arequipa |
| Término de relación | autor |
| 245 #0 - TÍTULO DE MATERIAL BIBLIOGRÁFICO | |
| Título | PIGARS 2012: |
| Título paralelo | plan Integral de gestión ambiental de residuos sólidos |
| 260 ## - CIUDAD, EDITORIAL, AÑO | |
| Año | 2012 |
| 300 ## - DESCRIPCIÓN | |
| N° Páginas | 106 páginas : |
| Dimensiones | 29 cm. |
| 650 ## - TEMAS | |
| Temas | Generalidades |
| 654 ## - PROGRAMAS | |
| Programa | Dpto. de Ingeniería Ambiental |
| 942 ## - ELEMENTOS DE KOHA | |
| Tipo de documento | Libro |
| Nombre del creador | Justo Noguera |
| Código de catalogador | Justo Noguera |
| Esquema de clasificación | Dewey Decimal Classification |
| Suppress in OPAC | |
| Codigo completo | Registro | Colección | Copia número | Disponibilidad | Tipo de préstamo | Biblioteca Actual | Procedencia (Biblioteca) | Ubicacón | Fecha Ingreso | Tipo de Adquisición | Date last seen | Total checkouts | Price effective from | Tipo de Item | Estado del Material | Fuente de Clasificación | Damaged status | Withdrawn status |
|---|---|---|---|---|---|---|---|---|---|---|---|---|---|---|---|---|---|---|
| 354.33 M95 | 1037881 | Universidad Católica San Pablo | 1 | Disponible | Disponible | Víctor Andrés Belaunde | Víctor Andrés Belaunde | Planta baja abierta | 03/06/2026 | Donación | 06/03/2026 | 06/03/2026 | Libro | Bueno | Dewey Decimal Classification |




